Evolución histórica de las islas Barrera del sector de Buenaventura y el Naya : (Registro nro. 1625)

Detalles MARC
000 -CABECERA
Campo de control 00935nam a2200253 a 4500
005 - FECHA Y HORA DE LA ULTIMA TRANSACCION
Campo de control 20160308020002.0
008 - ELEMENTOS DE LONGITUD FIJA—INFORMACION GENERAL
Campo de control 140303s1997 ck a gr|||| 000 0 spa d
020 ## - ISBN
ISBN 9589595049
040 ## - FUENTE DE CATALOGACIÓN
Agencia catalogadora original CO-BoIAVH
Agencia transcriptora CO-BoIAVH
041 0# - IDIOMA
Código de idioma para texto/pista de sonido o título separado Español
044 ## - PAÍS DE PUBLICACIÓN
País de publicación Colombia
082 04 - NUMERO DE CLASIFICACION DECIMAL DEWEY
Número de clasificación 900.86152
Número del ítem M38e
100 1# - ASIENTO PRINCIPAL--NOMBRE PERSONAL
Nombre personal Martínez M., Jaime orlando
9 (RLIN) 52862
245 10 - MENCION DE TITULO
Título Evolución histórica de las islas Barrera del sector de Buenaventura y el Naya :
Parte restante del título Investigación ganadora del premio Nacional de Ciencias y Tecnologías del Mar
260 ## - PUBLICACION, DISTRIBUCION, ETC. (PIE DE IMPRENTA)
Lugar de publicación, distribución, etc. Santa Marta :
Nombre del editor, distribuidor, etc. Instituto de Investigaciones Marinas y Costeras,
Fecha de publicación, distribución, etc. 1997.
300 ## - DESCRIPCION FISICA
Extensión 72 páginas :
Otros detalles físicos Ilustraciones ;
Dimensiones 28 x 21 cm.
650 #6 - ASIENTO SECUNDARIO DE MATERIA - TERMINO TEMATICO
Término temático o nombre geográfico como elemento de entrada Geomorfología
9 (RLIN) 52863
650 #6 - ASIENTO SECUNDARIO DE MATERIA - TERMINO TEMATICO
Término temático o nombre geográfico como elemento de entrada Estratigrafía
9 (RLIN) 52864
650 #6 - ASIENTO SECUNDARIO DE MATERIA - TERMINO TEMATICO
Término temático o nombre geográfico como elemento de entrada Medioambiente
9 (RLIN) 52865
650 #6 - ASIENTO SECUNDARIO DE MATERIA - TERMINO TEMATICO
Término temático o nombre geográfico como elemento de entrada Islas de Barrera
9 (RLIN) 52866
662 ## - ASIENTO SECUNDARIO DE MATERIA - JERARQUIA DEL NOMBRE DE LUGAR(
País o entidad mayor Colombia
Ciudad Buenaventura
Jurisdicción política de primer orden Valle del Cauca
700 1# - ASIENTO SECUNDARIO - NOMBRE PERSONAL
Nombre personal González J., Juan Luis
9 (RLIN) 52867
942 ## - ELEMENTOS ADICIONALES (KOHA)
Tipo de ítem Libro
Sistema de clasificación Dewey Decimal Classification
Koha issues (borrowed), all copies 1
Existencias
Withdrawn status Lost status Sistema de Clasificación Damaged status No para préstamo Colección Inventariado Ubicación Permanente Ubicación actual Fecha de adquisición Fuente de Valor Valor Total Checkouts Número topográfico Inventario / Código de Barras Date last seen Ejemplar Price effective from Forma de adquisición Tipo de material Date checked out
    Dewey Decimal Classification     General Inventariado 2017 Bogotá Bogotá 12/12/2002 Instituto 39000.00 1 LB-900.86152 M38e 002241 07/03/2016 Ej. 1 04/12/2012   Libro 07/03/2016
    Dewey Decimal Classification     General Inventariado 2017 Sala Fabio Quevedo Sala Fabio Quevedo 03/05/2000 Instituto 39000.00   LB-900.86152 M38e 002239 04/12/2012 Ej. 2 04/12/2012 Donación Libro